000 00619nam a2200181Ia 4500
008 220216s9999 xx 000 0 und d
100 _aVeeraputhran S.
245 0 _aCarbon trading potential of biodiesel from natural rubber seed oil
260 _bNational Workshop on Clean Development Mechanism and the Indian Rubber Sector, 12 August 2005, Rubber Research Institute of India, Kottayam, India.
_c2005
650 _aBiodiesel
650 _aCarbon trading
650 _aCER
650 _aClean development mechanism
650 _aRubber seed oil
700 _aGeorge B.
700 _aVarkey J.K.
942 _cBS
999 _c53039
_d53039